000 00803nam a22002537a 4500
999 _c20511
_d20511
005 20200104041805.0
008 191021b xxu||||| |||| 00| 0 spa d
020 _a0674224604
040 _aCO-BoIAVH
_cCO-BoIAVH
041 _aeng
044 _axxu
082 _a577.48
_bSa74
100 _aSarmiento, Guillermo
245 1 4 _aThe ecology of neotropical savannas
260 _aCambridge, (Massachusetts):
_bHarvard University Press,
_c1984.
300 _a235 Páginas:
_bgráficos, fotografías y mapas,
_c24 x 16 cm.
500 _aIncluye anexos.
650 0 _aSabanas
_z América Latina.
650 0 _aConservación del medio ambiente
650 0 _aBotánica
650 0 _aVegetación
_xcaracterísticas
651 0 _aVenezuela
942 _2ddc
_cLIBRO